00666nam a22001937a 450000500170000001000150001702000260003203500130005803700130007108200120008424501160009626000380021227000430025030000250029349000770031850000400039570000190043570000180045420141128151800.0 aENG-111248 a9788125056157c950.00 aEN-94780 bDBAD/PUB a301.153 aBeloved Bapu :cedited and introduced by Tridip Suhrud [and] Thomas Weberbthe Gandhi-Mirabehn correspondence / aNew DelhibOrient Blackswanc2014 a1/24, Asaf Ali RoadbNew Delhie110002 axiv,537p. c24cm(Hb) aGandhi studies ; edited by Ashis Nandy, Tridip Suhrud [and] Thomas Weber aIncludes bibliographical references aSuhrud, Tridip aWeber, Thomas